| 000 | 01303cam a2200361 i 4500 | ||
|---|---|---|---|
| 999 |
_c9200 _d9200 |
||
| 001 | 20015343 | ||
| 003 | GZU | ||
| 005 | 20210607154751.0 | ||
| 008 | 170921s2017 rh k bwl 000 0 eng | ||
| 010 | _a 2017319096 | ||
| 020 | _a9780797478657 | ||
| 040 |
_aDLC _beng _erda _cDLC _dDLC |
||
| 042 |
_alcode _apcc |
||
| 043 | _af-rh--- | ||
| 050 | 0 | 0 |
_aKTZ239.A352016 _bM83 2017 |
| 100 | 1 |
_aMucheche, Caleb H., _eauthor. |
|
| 245 | 1 | 0 |
_aCommentary on the Constitutional Court Rules of Zimbabwe / _cby Caleb H. Mucheche. |
| 250 | _aFirst edition. | ||
| 264 | 1 |
_aHarare : _bZimlaw Trust, African Legal Resources Dominion Publishers, _c2017. |
|
| 300 |
_a149 pages : _bforms ; _c23 cm |
||
| 336 |
_atext _btxt _2rdacontent |
||
| 337 |
_aunmediated _bn _2rdamedia |
||
| 338 |
_avolume _bnc _2rdacarrier |
||
| 504 | _aIncludes bibliographical references. | ||
| 610 | 1 | 0 |
_aZimbabwe. _bConstitutional Court _vRules and practice. |
| 650 | 0 |
_aConstitutional courts _zZimbabwe. |
|
| 650 | 0 |
_aCourt rules _zZimbabwe. |
|
| 650 | 0 |
_aConstitutional law _zZimbabwe _vCases. |
|
| 710 | 1 | 2 |
_aZimbabwe. _bConstitutional Court. _tConstitutional Court Rules, 2016. |
| 906 |
_a7 _bcbc _corigode _d2 _encip _f20 _gy-gencatlg |
||
| 942 |
_2lcc _cBK _e1st _h239 _iMUC _kKTZ _m2017 |
||